[Event "C.to Provinciale BG"]
[Site "Bergamo ITA"]
[Date "2001.10.30"]
[Round "6"]
[White "Stefanelli, Alfredo"]
[Black "Cambieri, Mario"]
[Result "0-1"]
[WhiteElo "1723"]
[BlackElo "1660"]
[PlyCount "48"]
[EventDate "2001.09.25"]

1. d4 Nf6 2. c4 c5 3. d5 e6 4. dxe6 fxe6 5. Nc3 d5 6. cxd5 exd5 7. e3 Nc6 8.
Bb5 a6 9. Bxc6+ bxc6 10. Nge2 Bd6 11. Qa4 Bd7 12. Qc2 O-O 13. Ng3 Ng4 14. Nd1
Qh4 15. Qe2 Ne5 16. h3 c4 17. Qh5 Nd3+ 18. Ke2 Bxg3 19. Qxh4 Bxh4 20. g3 Bf6
21. Rb1 Bf5 22. Ra1 Be4 23. Rg1 Bf3+ 24. Kd2 Bxd1 0-1

[Event "C.to Provinciale BG"]
[Site "Bergamo ITA"]
[Date "2001.11.06"]
[Round "7"]
[White "Bassis, Ivano"]
[Black "Ranfagni, Stefano"]
[Result "0-1"]
[WhiteElo "1642"]
[BlackElo "1618"]
[PlyCount "50"]
[EventDate "2001.09.25"]

1. e4 e6 2. d3 d5 3. Nd2 c5 4. g3 Nc6 5. Bg2 Nf6 6. Ngf3 dxe4 7. dxe4 e5 8. O-O
Be6 9. Qe2 Nd4 10. Nxd4 cxd4 11. Nb3 Bxb3 12. axb3 a6 13. f4 Bc5 14. Kh1 Nd7
15. fxe5 Nxe5 16. Qh5 Qe7 17. Bg5 Qe6 18. Bh3 Qg6 19. Qxg6 hxg6 20. Bg2 f6 21.
Bf4 Ng4 22. Rfe1 Rxh2+ 23. Kg1 d3+ 24. Be3 Rxg2+ 25. Kxg2 Nxe3+ 0-1

[Event "C.to Provinciale BG"]
[Site "Bergamo ITA"]
[Date "2001.11.06"]
[Round "7"]
[White "Bertoletti, Vincenzo"]
[Black "Mora, Lorenzo"]
[Result "0-1"]
[WhiteElo "1383"]
[BlackElo "1500"]
[PlyCount "104"]
[EventDate "2001.09.25"]

1. d4 Nf6 2. c4 c5 3. d5 b5 4. b3 g6 5. Bb2 Bg7 6. Qc2 O-O 7. Nd2 d6 8. e4 e6
9. Ngf3 Re8 10. Be2 exd5 11. cxd5 a6 12. O-O Nxd5 13. Bxg7 Kxg7 14. exd5 Rxe2
15. Rfe1 Re7 16. Qc3+ Kg8 17. Ng5 f6 18. Nge4 Rf7 19. Qg3 Rd7 20. Nc3 Raa7 21.
Re6 b4 22. Nce4 Rf7 23. Rxd6 Rad7 24. Re6 Rxd5 25. Qxb8 Bxe6 26. Qf4 f5 27. Re1
fxe4 28. Qxe4 Rxd2 29. Qxe6 Rd1 30. h3 Qe7 31. Qxe7 Rxe7 32. Rxd1 Re2 33. Ra1
Kf7 34. Kf1 Rc2 35. g3 Ke6 36. Re1+ Kd5 37. Rd1+ Ke4 38. Re1+ Kd3 39. Re3+ Kd4
40. Re2 Rc3 41. Kg2 c4 42. bxc4 Kxc4 43. g4 a5 44. f4 a4 45. Re4+ Kc5 46. Re2
b3 47. axb3 axb3 48. f5 Rc2 49. Kf3 Rxe2 50. Kxe2 b2 51. f6 b1=Q 52. f7 Qe4+
0-1

[Event "C.to Provinciale BG"]
[Site "Bergamo ITA"]
[Date "2001.11.06"]
[Round "7"]
[White "Elsido, Massimo"]
[Black "Signorelli, Roberto"]
[Result "0-1"]
[WhiteElo "1657"]
[BlackElo "1506"]
[PlyCount "82"]
[EventDate "2001.09.25"]

1. e4 e6 2. d4 d5 3. e5 c5 4. c3 Nc6 5. Nf3 cxd4 6. cxd4 Bb4+ 7. Bd2 Qb6 8. a3
Bxd2+ 9. Qxd2 Nge7 10. g4 O-O 11. Nc3 f5 12. exf6 Rxf6 13. Bg2 Bd7 14. Ne5 Nxe5
15. dxe5 Rf7 16. f4 Raf8 17. Rf1 Bc6 18. Ne2 Bb5 19. f5 Bxe2 20. Kxe2 Qb5+ 21.
Ke1 exf5 22. g5 Qd7 23. Rd1 Rd8 24. Rf4 Qe6 25. Qd4 Nc6 26. Bxd5 Nxd4 27. Bxe6
Nxe6 28. Rxd8+ Nxd8 29. Rd4 Nc6 30. Rd5 Re7 31. Kd2 Kf7 32. b4 Nxe5 33. Kc3 Ke6
34. Rc5 Rd7 35. a4 f4 36. b5 f3 37. b6 axb6 38. Rb5 Rd6 39. Rb1 f2 40. Rf1 Ng4
41. h3 Ne3 0-1

[Event "C.to Provinciale BG"]
[Site "Bergamo ITA"]
[Date "2001.11.06"]
[Round "7"]
[White "Longo, Pietro"]
[Black "Fiorona, Gianpietro"]
[Result "1/2-1/2"]
[WhiteElo "1585"]
[BlackElo "1528"]
[PlyCount "83"]
[EventDate "2001.09.25"]

1. d4 Nf6 2. c4 c5 3. d5 b5 4. Nf3 bxc4 5. Nc3 d6 6. e4 g6 7. Bxc4 Bg7 8. e5
Ng4 9. e6 fxe6 10. Ng5 Ne5 11. Bb5+ Kf8 12. Nxe6+ Bxe6 13. dxe6 a6 14. Ba4 Bf6
15. Qd5 Ra7 16. Bh6+ Bg7 17. Be3 Rc7 18. Rd1 Qc8 19. O-O Bf6 20. Bh6+ Bg7 21.
Qd2 Ng4 22. Qf4+ Nf6 23. Nd5 Kg8 24. Nxc7 Qxc7 25. Bxg7 Kxg7 26. Rd3 Rf8 27.
Rf3 Qd8 28. Qc4 Qb6 29. Rb3 Qc7 30. Rc1 Nh5 31. Rh3 Nf6 32. b4 Nc6 33. Bxc6
Qxc6 34. bxc5 d5 35. Qc3 Kg8 36. Rf3 Qxe6 37. c6 Rc8 38. Re3 Qd6 39. Qe5 Qxe5
40. Rxe5 Rc7 41. Rce1 Kf7 42. Rc1 1/2-1/2

[Event "C.to Provinciale BG"]
[Site "Bergamo ITA"]
[Date "2001.11.06"]
[Round "7"]
[White "Molteni, Costantino"]
[Black "Asperti, Fabio"]
[Result "0-1"]
[WhiteElo "1567"]
[BlackElo "1543"]
[PlyCount "70"]
[EventDate "2001.09.25"]

1. Nf3 g6 2. c4 Bg7 3. d4 d6 4. Nc3 Nf6 5. g3 O-O 6. Bg2 c6 7. O-O Bf5 8. Re1
Ne4 9. Nxe4 Bxe4 10. b3 Na6 11. Nh4 Bxg2 12. Nxg2 Nc5 13. Bb2 Ne4 14. f3 Ng5
15. h4 Nh3+ 16. Kf1 f5 17. e3 Qc7 18. Re2 Rad8 19. Nf4 Nxf4 20. exf4 e5 21.
fxe5 dxe5 22. Kg2 exd4 23. Qe1 Kf7 24. c5 Rfe8 25. Rd1 d3 26. Rxd3 Rxe2+ 27.
Qxe2 Rxd3 28. Bxg7 Qd7 29. Qe5 Qe7 30. Qb2 Re3 31. Kf2 Re6 32. Bh8 Qxc5+ 33.
Kg2 Qf8 34. Qd4 Ke8 35. Qc4 Qf7 0-1

[Event "C.to Provinciale BG"]
[Site "Bergamo ITA"]
[Date "2001.11.06"]
[Round "7"]
[White "Mora, Aldo"]
[Black "Cattaneo, Dario"]
[Result "1/2-1/2"]
[WhiteElo "1500"]
[BlackElo "1327"]
[PlyCount "77"]
[EventDate "2001.09.25"]

1. e4 c5 2. a3 e6 3. g3 d5 4. Bg2 dxe4 5. Bxe4 Nf6 6. Bg2 Nc6 7. Nf3 Bd7 8. O-O
Be7 9. Re1 O-O 10. Nc3 a6 11. Ne4 b5 12. d3 Rc8 13. Ned2 a5 14. Nb1 Qb6 15. Ne5
Nxe5 16. Rxe5 Bd6 17. Re1 h5 18. Nd2 e5 19. Ne4 Bb8 20. Nxf6+ Qxf6 21. Qf3 Qe6
22. Qd5 Qxd5 23. Bxd5 Bf5 24. Be4 Bxe4 25. Rxe4 f5 26. Re2 Rce8 27. Bd2 Bc7 28.
Rae1 Re6 29. Kg2 Rfe8 30. Kf1 Kf7 31. b3 g5 32. Kg2 Kf6 33. Kf1 h4 34. Kg2 g4
35. Kf1 Kg6 36. Bf4 Kf6 37. Bd2 Kg6 38. Bf4 Kf6 39. Bd2 1/2-1/2

[Event "C.to Provinciale BG"]
[Site "Bergamo ITA"]
[Date "2001.11.06"]
[Round "7"]
[White "Rota, Luca"]
[Black "Biava, Pierluigi"]
[Result "0-1"]
[WhiteElo "1500"]
[BlackElo "1525"]
[PlyCount "64"]
[EventDate "2001.09.25"]

1. e4 e6 2. d4 d5 3. Nc3 Bb4 4. e5 Ne7 5. f4 c5 6. Bd2 cxd4 7. Nb5 Bxd2+ 8.
Qxd2 Nf5 9. Nf3 Nc6 10. Nbxd4 Nfxd4 11. Nxd4 Qb6 12. c3 Bd7 13. Be2 O-O 14. O-O
Rac8 15. Kh1 Nxd4 16. cxd4 Rc7 17. Rf3 Rfc8 18. Bd3 g6 19. h4 Qxd4 20. h5 Rc2
21. Qe1 Rxb2 22. h6 Qb4 23. Qh4 d4 24. Be4 Bc6 25. Rc1 Qf8 26. Bxc6 Rxc6 27.
Rxc6 bxc6 28. Rh3 Rxa2 29. Qf6 c5 30. Kg1 c4 31. Kf1 d3 32. Ke1 Qb4+ 0-1

[Event "C.to Provinciale BG"]
[Site "Bergamo ITA"]
[Date "2001.11.13"]
[Round "8"]
[White "Bertoletti, Vincenzo"]
[Black "Rota, Luca"]
[Result "0-1"]
[WhiteElo "1383"]
[BlackElo "1500"]
[PlyCount "66"]
[EventDate "2001.09.25"]

1. d4 Nf6 2. c4 e6 3. Nf3 b6 4. Bg5 Be7 5. g3 Bb7 6. Bg2 O-O 7. O-O h6 8. Bf4
Nh5 9. Bd2 d6 10. Nc3 f5 11. Re1 Nf6 12. Qb3 Qc8 13. Nh4 Bxg2 14. Kxg2 Kh7 15.
Kg1 Nc6 16. Nf3 Na5 17. Qc2 Nxc4 18. Rac1 Nxd2 19. Nxd2 c5 20. d5 exd5 21. e4
dxe4 22. Ndxe4 fxe4 23. Nxe4 Kh8 24. Ng5 hxg5 25. Rxe7 Re8 26. Rce1 Rxe7 27.
Rxe7 Qf8 28. Qe2 Re8 29. Re3 Rxe3 30. fxe3 Qe8 31. Kf2 Qe4 32. h3 g4 33. hxg4
Nxg4+ 0-1

[Event "C.to Provinciale BG"]
[Site "Bergamo ITA"]
[Date "2001.11.13"]
[Round "8"]
[White "Biava, Pierluigi"]
[Black "Longo, Pietro"]
[Result "1-0"]
[WhiteElo "1525"]
[BlackElo "1585"]
[PlyCount "30"]
[EventDate "2001.09.25"]

1. e4 c5 2. Nf3 d6 3. c3 Nf6 4. h3 Nxe4 5. Qa4+ Bd7 6. Qxe4 Bc6 7. Qe2 g6 8. d3
Bg7 9. Bf4 Nd7 10. Nbd2 O-O 11. g4 Qb6 12. Nc4 Qc7 13. Bg2 b5 14. Ne3 b4 15.
cxb4 Bxb2 1-0

[Event "C.to Provinciale BG"]
[Site "Bergamo ITA"]
[Date "2001.11.13"]
[Round "8"]
[White "Cambieri, Mario"]
[Black "Bassis, Ivano"]
[Result "1-0"]
[WhiteElo "1660"]
[BlackElo "1642"]
[PlyCount "71"]
[EventDate "2001.09.25"]

1. c4 Nf6 2. Nc3 e5 3. g3 Bb4 4. Bg2 O-O 5. d3 Bxc3+ 6. bxc3 Re8 7. Bg5 h6 8.
Bxf6 Qxf6 9. e4 Nc6 10. Ne2 d6 11. O-O Bg4 12. f3 Bd7 13. f4 Bg4 14. fxe5 Qxe5
15. d4 Qg5 16. Qd3 Ne7 17. Nf4 c6 18. Rab1 Rab8 19. Rb2 Ng6 20. Nh3 Qe7 21. Nf4
Qg5 22. Rbf2 Re7 23. h3 Bd7 24. h4 Nxf4 25. Rxf4 Qg6 26. Qf3 h5 27. Kh2 Bg4 28.
Qf2 Rbe8 29. e5 dxe5 30. dxe5 Rxe5 31. Rxf7 Be6 32. Rf8+ Rxf8 33. Qxf8+ Kh7 34.
Qf4 Qf5 35. Qd4 Re4 36. Bxe4 1-0

[Event "C.to Provinciale BG"]
[Site "Bergamo ITA"]
[Date "2001.11.13"]
[Round "8"]
[White "Fiorona, Gianpietro"]
[Black "Asperti, Fabio"]
[Result "0-1"]
[WhiteElo "1528"]
[BlackElo "1543"]
[PlyCount "68"]
[EventDate "2001.09.25"]

1. d4 g6 2. e4 Bg7 3. Nc3 d6 4. Bg5 h6 5. Be3 Nf6 6. f3 Nbd7 7. Qd2 c6 8. g4 b5
9. O-O-O a5 10. e5 b4 11. exf6 bxc3 12. Qxc3 Bxf6 13. Qd2 Qb6 14. c3 Rb8 15.
Nh3 c5 16. d5 Ne5 17. Be2 Ba6 18. Bxa6 Nxf3 19. Qe2 Bxc3 20. Qb5+ Kf8 21. bxc3
Qa7 22. Qxa5 Rb6 23. Rdf1 Rxa6 24. Qxa6 Qxa6 25. Rxf3 Kg7 26. Rhf1 f6 27. g5
hxg5 28. Nxg5 Qxa2 29. Ne6+ Kf7 30. R3f2 Qa3+ 31. Kc2 Qa2+ 32. Kc1 Qxd5 33. Nc7
Qd3 34. Bd2 Rb8 0-1

[Event "C.to Provinciale BG"]
[Site "Bergamo ITA"]
[Date "2001.11.13"]
[Round "8"]
[White "Signorelli, Roberto"]
[Black "Ranfagni, Stefano"]
[Result "1-0"]
[WhiteElo "1506"]
[BlackElo "1618"]
[PlyCount "143"]
[EventDate "2001.09.25"]

1. Nf3 Nf6 2. c4 c5 3. Nc3 g6 4. d4 cxd4 5. Nxd4 Bg7 6. g3 O-O 7. Bg2 Nc6 8.
O-O Nxd4 9. Qxd4 d6 10. Bg5 Nd7 11. Qd2 Ne5 12. b3 Rb8 13. Rad1 Bd7 14. Nb5
Bxb5 15. cxb5 Qd7 16. a4 Rfc8 17. Rc1 e6 18. h3 f5 19. Be3 b6 20. f4 Nf7 21.
Bc6 Qe7 22. Bd4 d5 23. Bxg7 Kxg7 24. a5 Nd6 25. Kg2 Ne4 26. Qd4+ Qf6 27. Qxf6+
Kxf6 28. axb6 axb6 29. Bd7 Rxc1 30. Rxc1 Nc5 31. Bc6 Nxb3 32. Rc3 Na5 33. Kf3
Rc8 34. Ke3 Ke7 35. Kd3 Kd6 36. Ra3 Nxc6 37. bxc6 Rxc6 38. g4 b5 39. Ra7 b4 40.
Rxh7 Rc7 41. Rh8 Rb7 42. Kc2 Kc5 43. Rg8 Kc4 44. Rxg6 b3+ 45. Kb1 Kc3 46. Rxe6
fxg4 47. hxg4 Rh7 48. Rc6+ Kd2 49. Rd6 Kxe2 50. Rxd5 Kf3 51. Rh5 Rg7 52. Rg5
Rf7 53. f5 Kf4 54. Rg8 Ke5 55. Kb2 Kf6 56. Kxb3 Rd7 57. Kc4 Kf7 58. Rg6 Rd1 59.
Kc5 Ra1 60. Rb6 Rg1 61. Rb4 Kf6 62. Kd5 Rg2 63. Rb6+ Kf7 64. Ke5 Rxg4 65. Rb7+
Ke8 66. Kf6 Rg1 67. Rb8+ Kd7 68. Kf7 Rf1 69. f6 Rg1 70. Rg8 Rh1 71. Rg7 Kd8 72.
Kg8 1-0

[Event "V Open B"]
[Site "Genova ITA"]
[Date "2001.08.07"]
[Round "4"]
[White "Roversi, Stefano"]
[Black "Squarci, Franco"]
[Result "0-1"]
[WhiteElo "1660"]
[BlackElo "2037"]
[PlyCount "56"]
[EventDate "2001.08.05"]

1. e4 c5 2. Nf3 Nc6 3. d4 cxd4 4. Nxd4 Nf6 5. Nc3 e6 6. Be2 Bb4 7. Bg5 d6 8.
O-O Bxc3 9. bxc3 Qa5 10. Bxf6 gxf6 11. c4 Qe5 12. Nxc6 bxc6 13. Bd3 a5 14. Rb1
Qc5 15. Qf3 Ke7 16. Rfe1 Ba6 17. Qe3 Qxe3 18. Rxe3 Rab8 19. c3 Rxb1+ 20. Bxb1
Bxc4 21. f4 Rb8 22. Bc2 Bxa2 23. Rh3 Rb2 24. Bd3 Bb1 25. g4 a4 26. Bxb1 Rxb1+
27. Kf2 a3 28. c4 a2 0-1

[Event "V Open B"]
[Site "Genova ITA"]
[Date "2001.08.09"]
[Round "6"]
[White "Pedemonte, Claudio"]
[Black "Mazzetta, Franco"]
[Result "0-1"]
[WhiteElo "1770"]
[BlackElo "1627"]
[PlyCount "132"]
[EventDate "2001.08.05"]

1. c4 Nc6 2. e4 e5 3. g3 Bc5 4. Nc3 Nf6 5. h3 d6 6. Nge2 a6 7. Bg2 Be6 8. d3
Rb8 9. a4 O-O 10. O-O Qd7 11. Kh2 Ne8 12. f4 f5 13. exf5 Bxf5 14. g4 Be6 15. f5
Bf7 16. Ne4 Rd8 17. Ng5 Kh8 18. Qc2 Bg8 19. Ne6 Bxe6 20. fxe6 Qe7 21. Bg5 Nf6
22. Bd5 Rde8 23. Ng3 Nd4 24. Qg2 c6 25. Be4 Qxe6 26. Rab1 Nxe4 27. Nxe4 Bb4 28.
Bh4 h6 29. Bf2 Nf3+ 30. Kh1 d5 31. cxd5 cxd5 32. Nc5 Qe7 33. Nb3 e4 34. dxe4
dxe4 35. Bg3 Qe6 36. Na1 Rd8 37. Nc2 Rd2 38. Rf2 Rxf2 39. Bxf2 Bd6 40. Ne3 g6
41. b4 Qf7 42. Rb2 Rc8 43. Rb1 Qa2 44. Rd1 Bxb4 45. Qg3 Qe6 46. Qf4 Kg7 47. Rb1
a5 48. Rd1 Nd2 49. Ng2 Rf8 50. Bd4+ Kh7 51. Qc7+ Rf7 52. Qb8 Rf8 53. Qxb7+ Qf7
54. Qb5 Qf3 55. Qd7+ Rf7 56. Qe8 Qxh3+ 57. Kg1 Nf3+ 58. Kf2 Ng5+ 59. Kg1 Bf8
60. Be3 Qxg4 61. Rc1 Kg8 62. Bxg5 Qxg5 63. Qc6 Qf5 64. Rb1 Bc5+ 65. Kh2 Qh5+
66. Kg3 Rf3# 0-1

[Event "C.to Provinciale AP-MC"]
[Site "Potenza Picena ITA"]
[Date "2001.03.??"]
[Round "2"]
[White "Castura', Ilario"]
[Black "Gasparroni, Daniele"]
[Result "0-1"]
[WhiteElo "1590"]
[BlackElo "1467"]
[PlyCount "134"]
[EventDate "2001.03.17"]

1. e4 c5 2. Nf3 Nc6 3. d4 cxd4 4. Nxd4 g6 5. Be3 Bg7 6. Nc3 Nf6 7. f3 O-O 8.
Qd2 a6 9. Be2 d6 10. O-O Nxd4 11. Bxd4 b5 12. a3 Bb7 13. Rfd1 Qc7 14. Rac1 Rfd8
15. Qe3 Nd7 16. Bxg7 Kxg7 17. Rd2 Qc5 18. Nd1 Nb6 19. Kf1 Rac8 20. c3 Nc4 21.
Bxc4 Qxc4+ 22. Qd3 a5 23. Qxc4 Rxc4 24. Rd4 Rdc8 25. Rxc4 bxc4 26. Rc2 Bc6 27.
Ne3 Ba4 28. Rd2 Bb3 29. g4 Kf6 30. Kf2 Ke6 31. Nd5 Rb8 32. f4 f6 33. Kg3 Kd7
34. h4 Ba2 35. e5 fxe5 36. fxe5 Ke6 37. exd6 exd6 38. g5 Bb1 39. Kf4 Bd3 40.
Nf6 Rb7 41. Rh2 a4 42. Rf2 Rf7 43. Ke3 Rb7 44. Kd4 Rf7 45. Ng4 Rxf2 46. Nxf2
Bf1 47. Ne4 Be2 48. Ke3 Bd3 49. Nf6 h6 50. Kf4 hxg5+ 51. hxg5 Bf5 52. Ne8 Ke7
53. Nc7 Kd7 54. Nd5 Bc2 55. Nb6+ Kc6 56. Nxc4 Kc5 57. Ne3 Bd3 58. Ng4 Kc4 59.
Ke3 Bf5 60. Nf2 Kb3 61. Kd2 Kxb2 62. c4 Kxa3 63. Kc3 Ka2 64. Nd1 a3 65. Ne3 Kb1
66. Kb3 a2 67. Nxf5 gxf5 0-1

[Event "C.to Provinciale AP-MC"]
[Site "Potenza Picena ITA"]
[Date "2001.03.??"]
[Round "2"]
[White "Marinucci, Johnny"]
[Black "Gasparroni, Riccardo"]
[Result "0-1"]
[WhiteElo "1356"]
[BlackElo "1506"]
[PlyCount "31"]
[EventDate "2001.03.17"]

1. Nf3 Nf6 2. g3 Nc6 3. Bg2 e5 4. d3 d5 5. O-O h6 6. a3 Be6 7. b4 Qd7 8. Re1 e4
9. dxe4 Nxe4 10. Bb2 O-O-O 11. Nbd2 Bh3 12. Bh1 Qf5 13. e3 Rg8 14. Nb3 g5 15.
Nbd4 Nxd4 16. Nxd4 0-1

[Event "C.to Provinciale AP-MC"]
[Site "Potenza Picena ITA"]
[Date "2001.03.??"]
[Round "3"]
[White "Gasparroni, Daniele"]
[Black "Rastelli, Mirko"]
[Result "0-1"]
[WhiteElo "1467"]
[BlackElo "1567"]
[PlyCount "76"]
[EventDate "2001.03.17"]

1. d4 g6 2. c4 Bg7 3. Nc3 Nf6 4. Nf3 d6 5. Bf4 O-O 6. e4 Nbd7 7. Bd3 c5 8. d5
Ng4 9. Qd2 Nge5 10. Nxe5 Nxe5 11. Be3 Bh3 12. O-O Qd7 13. Be2 Bg4 14. f3 Bxf3
15. Bxf3 Nxc4 16. Qe2 Nxe3 17. Qxe3 Bd4 18. Rfe1 Bxe3+ 19. Rxe3 e6 20. e5 Kg7
21. Rd1 exd5 22. Rxd5 Qe7 23. Rxd6 Rfd8 24. Nd5 Qg5 25. Kf2 Rxd6 26. exd6 Rd8
27. Nc7 Qf4 28. h3 Qxd6 29. Ne8+ Rxe8 30. Rxe8 Qd4+ 31. Kg3 Qxb2 32. Re7 Qxa2
33. Rxb7 Qa3 34. Kh2 c4 35. Bd5 c3 36. Rxf7+ Kh6 37. Be4 Qd6+ 38. Kg1 Qd4+ 0-1

[Event "C.to Provinciale AP-MC"]
[Site "Potenza Picena ITA"]
[Date "2001.03.??"]
[Round "4"]
[White "Basso, Fabrizio"]
[Black "Gasparroni, Daniele"]
[Result "1/2-1/2"]
[WhiteElo "1551"]
[BlackElo "1467"]
[PlyCount "46"]
[EventDate "2001.03.17"]

1. e4 c5 2. Nf3 Nc6 3. d4 cxd4 4. Nxd4 g6 5. Be3 Bg7 6. Nc3 Nf6 7. g3 O-O 8.
Qd2 Re8 9. O-O-O a6 10. g4 Nxd4 11. Bxd4 b5 12. h4 Qa5 13. e5 b4 14. exf6 bxc3
15. Qxc3 Qxc3 16. Bxc3 exf6 17. Bc4 Ra7 18. Rhe1 Rd8 19. Re7 Rf8 20. Rde1 Rc7
21. Bb3 Bb7 22. Ba5 Rc5 23. Bb4 Rc7 1/2-1/2

[Event "C.to Provinciale AP-MC"]
[Site "Potenza Picena ITA"]
[Date "2001.03.??"]
[Round "4"]
[White "Castura', Ilario"]
[Black "Marinucci, Johnny"]
[Result "1-0"]
[WhiteElo "1590"]
[BlackElo "1356"]
[PlyCount "47"]
[EventDate "2001.03.17"]

1. e4 Nf6 2. e5 Nd5 3. c4 Nb6 4. c5 Nd5 5. Nc3 Nxc3 6. dxc3 Nc6 7. f4 d6 8.
cxd6 cxd6 9. exd6 e6 10. Be3 Qxd6 11. Qxd6 Bxd6 12. O-O-O Bc7 13. Nf3 O-O 14.
g3 e5 15. fxe5 Bg4 16. Bg2 Be6 17. b3 Nxe5 18. Nxe5 Bxe5 19. Bd4 Bxd4 20. Rxd4
Rab8 21. Rhd1 Rfc8 22. Bxb7 Re8 23. Bd5 Bg4 24. Rxg4 1-0

[Event "C.to Provinciale AP-MC"]
[Site "Potenza Picena ITA"]
[Date "2001.04.??"]
[Round "5"]
[White "Rastelli, Mirko"]
[Black "Basso, Fabrizio"]
[Result "0-1"]
[WhiteElo "1567"]
[BlackElo "1551"]
[PlyCount "83"]
[EventDate "2001.03.17"]

1. e4 g6 2. f4 d6 3. Nf3 Bg7 4. Bc4 Nf6 5. d3 O-O 6. O-O c6 7. Nc3 a5 8. e5
dxe5 9. fxe5 Ng4 10. d4 b5 11. Bd3 Be6 12. Ne4 Na6 13. c3 Nh6 14. Bg5 f6 15.
exf6 exf6 16. Bh4 Nf5 17. Bf2 Qd5 18. Re1 Rae8 19. b3 Bc8 20. c4 Qd7 21. Rc1
Re7 22. a3 Rfe8 23. Qc2 Bb7 24. Re2 b4 25. a4 Nd6 26. Rce1 Nxe4 27. Rxe4 Nc7
28. R1e3 Rxe4 29. Rxe4 Rxe4 30. Bxe4 Ne6 31. Qd2 Ng5 32. Nxg5 fxg5 33. d5 cxd5
34. Bxd5+ Kh8 35. Qxg5 h6 36. Qd2 Bc6 37. Bd4 Bxd4+ 38. Qxd4+ Kh7 39. Qe5 h5
40. Qe6 Qxe6 41. Bxe6 Bxa4 42. c5 0-1

[Event "C.to Provinciale AP-MC"]
[Site "Potenza Picena ITA"]
[Date "2001.04.??"]
[Round "6"]
[White "Castura', Ilario"]
[Black "Gasparroni, Riccardo"]
[Result "1-0"]
[WhiteElo "1590"]
[BlackElo "1506"]
[PlyCount "41"]
[EventDate "2001.03.17"]

1. e4 c5 2. Ne2 g6 3. d4 Bg7 4. Nbc3 cxd4 5. Nxd4 Nc6 6. Nb3 a6 7. Be2 Nf6 8.
O-O b5 9. a3 d6 10. Be3 Bb7 11. f4 O-O 12. Qd2 Rc8 13. Rad1 Qc7 14. Bf3 Qd7 15.
Kh1 Rfe8 16. h3 h5 17. Rfe1 Bf8 18. e5 Nh7 19. Nc5 Qc7 20. Nd5 Qb8 21. Nd7 1-0

[Event "C.to Provinciale CA"]
[Site "Sinnai ITA"]
[Date "2001.01.20"]
[Round "1"]
[White "Caredda, Giuseppe"]
[Black "Caddeo, Narciso"]
[Result "0-1"]
[WhiteElo "1558"]
[BlackElo "1546"]
[PlyCount "78"]
[EventDate "2001.01.20"]

1. d4 Nf6 2. Bg5 g6 3. Nc3 Bg7 4. e4 d6 5. Nf3 O-O 6. e5 dxe5 7. Nxe5 h6 8. Be3
b6 9. Qd2 Bb7 10. O-O-O g5 11. g4 Bxh1 12. Bc4 Be4 13. f4 gxf4 14. Bxf4 Nbd7
15. Ng6 Bxg6 16. Bxh6 Nxg4 17. Bxg7 Kxg7 18. Rg1 Ndf6 19. h3 Nh6 20. Ne2 Qd6
21. Nf4 Rad8 22. Nxg6 fxg6 23. Qd3 Qf4+ 24. Kb1 Ne4 25. Ka1 Qf3 26. a3 Qxd3 27.
Bxd3 Rxd4 28. h4 Rxd3 29. cxd3 Nf6 30. Re1 Nd5 31. Re5 Rf5 32. Re4 a5 33. Ka2
b5 34. Re6 Rf6 35. Re1 a4 36. Rc1 Nf5 37. Rc5 c6 38. b3 axb3+ 39. Kxb3 Nd4+ 0-1

[Event "C.to Provinciale CA"]
[Site "Sinnai ITA"]
[Date "2001.01.20"]
[Round "1"]
[White "Cerina, Antonio"]
[Black "Cirina, Gianluca"]
[Result "0-1"]
[WhiteElo "1329"]
[BlackElo "1690"]
[PlyCount "38"]
[EventDate "2001.01.20"]

1. Nf3 d5 2. g3 Nf6 3. Bg2 g6 4. O-O Bg7 5. d3 O-O 6. Nbd2 Nc6 7. h3 e5 8. Nh2
Be6 9. b3 Qd7 10. g4 Rad8 11. c4 e4 12. Qc2 Nd4 13. Qd1 Rfe8 14. Bb2 dxc4 15.
Nxe4 Nxe4 16. Bxe4 f5 17. Bg2 fxg4 18. hxg4 Bxg4 19. f3 Nxe2+ 0-1

[Event "C.to Provinciale CA"]
[Site "Sinnai ITA"]
[Date "2001.01.20"]
[Round "1"]
[White "Lai, Luca"]
[Black "Giannoni, Federico"]
[Result "1-0"]
[WhiteElo "1542"]
[BlackElo "1750"]
[PlyCount "49"]
[EventDate "2001.01.20"]

1. e4 e6 2. d4 c5 3. Nf3 cxd4 4. Nxd4 Nc6 5. Nxc6 bxc6 6. Nc3 d6 7. Bc4 Nf6 8.
Bg5 Be7 9. Qd3 d5 10. Bxf6 Bxf6 11. exd5 cxd5 12. Bb5+ Bd7 13. O-O O-O 14. Bxd7
Qxd7 15. Rad1 Qc6 16. Rfe1 Bxc3 17. Qxc3 Qxc3 18. bxc3 Rfc8 19. Re3 Rc4 20. Rb1
Rac8 21. Rb3 d4 22. cxd4 Rxc2 23. h3 Rxa2 24. Rec3 Rxc3 25. Rb8+ 1-0

[Event "C.to Provinciale CA"]
[Site "Sinnai ITA"]
[Date "2001.01.20"]
[Round "1"]
[White "Monni, Vittorio"]
[Black "Mascia, Giancarlo"]
[Result "1-0"]
[WhiteElo "1729"]
[BlackElo "1356"]
[PlyCount "69"]
[EventDate "2001.01.20"]

1. e4 e5 2. Nf3 Nc6 3. Bc4 Bc5 4. c3 Nf6 5. b4 Bb6 6. O-O O-O 7. d3 h6 8. a4 a6
9. Ra2 d6 10. h3 Ba7 11. Na3 b6 12. Nc2 Ne7 13. Ne3 Bb7 14. Bb3 c5 15. b5 a5
16. Rd2 Bb8 17. Nc4 Bc7 18. Ne3 d5 19. Bb2 d4 20. Nc4 Ng6 21. cxd4 cxd4 22. Ba3
Re8 23. g3 Qd7 24. Kg2 Bc8 25. Rh1 Nh7 26. Rc2 Kh8 27. Qc1 f6 28. Nxa5 Bd6 29.
Bxd6 Qxd6 30. Bf7 Rxa5 31. Bxe8 Ne7 32. Rxc8 Nxc8 33. Qxc8 Qf8 34. Nh4 Kg8 35.
Qe6+ 1-0

[Event "C.to Provinciale CA"]
[Site "Sinnai ITA"]
[Date "2001.01.20"]
[Round "1"]
[White "Perra, Marco"]
[Black "Ibba, Isacco"]
[Result "0-1"]
[WhiteElo "1500"]
[BlackElo "1864"]
[PlyCount "78"]
[EventDate "2001.01.20"]

1. e4 Nf6 2. e5 Nd5 3. Bc4 Nb6 4. Bb3 c5 5. d3 Nc6 6. Nf3 g6 7. Bxf7+ Kxf7 8.
Ng5+ Kg8 9. Qe2 Nd4 10. Qd2 Bh6 11. c3 Bxg5 12. Qxg5 Nc2+ 13. Kd2 Nxa1 14. b3
Kg7 15. Bb2 h6 16. Qe3 e6 17. Bxa1 Qg5 18. Qxg5 hxg5 19. c4 a5 20. h3 a4 21.
Bb2 axb3 22. axb3 Rf8 23. f3 Rf5 24. Re1 Ra2 25. Kc2 Na8 26. Na3 Nc7 27. Kb1
Rxb2+ 28. Kxb2 Na6 29. Kc3 Nb4 30. Re2 Nc6 31. Nb5 b6 32. Re3 Rxe5 33. Rxe5
Nxe5 34. Nd6 Ba6 35. d4 Nf7 36. dxc5 Nxd6 37. cxd6 Kf6 38. Kd4 e5+ 39. Kd5 Bb7#
0-1

[Event "C.to Provinciale CA"]
[Site "Sinnai ITA"]
[Date "2001.01.21"]
[Round "2"]
[White "Abis, Josto"]
[Black "Santilli, Enrico"]
[Result "1/2-1/2"]
[WhiteElo "1512"]
[BlackElo "1729"]
[PlyCount "51"]
[EventDate "2001.01.20"]

1. e4 d5 2. exd5 Nf6 3. c4 c6 4. dxc6 Nxc6 5. Nf3 e5 6. d3 Bc5 7. Be2 Qb6 8.
O-O e4 9. dxe4 Nxe4 10. Qe1 O-O 11. Bd3 Bf5 12. Bxe4 Rae8 13. Nc3 Bxe4 14. Nxe4
f5 15. Nf6+ gxf6 16. Qd2 Ne7 17. Qc2 Rf7 18. Bh6 Qc6 19. Rae1 Kh8 20. Nh4 Rg8
21. g3 Rg4 22. Nxf5 Qf3 23. Nxe7 Rxg3+ 24. hxg3 Qxg3+ 25. Kh1 Qf3+ 26. Kg1
1/2-1/2

[Event "C.to Provinciale CA"]
[Site "Sinnai ITA"]
[Date "2001.01.21"]
[Round "2"]
[White "Abis, Mariano"]
[Black "Scarteddu, Marco"]
[Result "0-1"]
[WhiteElo "1500"]
[BlackElo "1615"]
[PlyCount "54"]
[EventDate "2001.01.20"]

1. d4 Nf6 2. c4 g6 3. Nc3 d5 4. cxd5 Nxd5 5. e4 Nxc3 6. bxc3 Bg7 7. f4 c5 8.
Nf3 O-O 9. Bc4 Nc6 10. Bb2 Bg4 11. h3 Bxf3 12. Qxf3 cxd4 13. Rd1 Qa5 14. Rd3
dxc3 15. Bxc3 Bxc3+ 16. Rxc3 e5 17. h4 exf4 18. Kf2 Ne5 19. Qh3 Nxc4 20. Rxc4
Qxa2+ 21. Kf3 Qxc4 22. Kxf4 f5 23. Kg5 fxe4 24. h5 Qd5+ 25. Kg4 g5 26. Qc3 Rf4+
27. Kg3 Qd3+ 0-1

[Event "C.to Provinciale CA"]
[Site "Sinnai ITA"]
[Date "2001.01.21"]
[Round "2"]
[White "Cirina, Gianluca"]
[Black "Boi, Giuseppe"]
[Result "1-0"]
[WhiteElo "1690"]
[BlackElo "1509"]
[PlyCount "41"]
[EventDate "2001.01.20"]

1. e4 e5 2. f4 d6 3. Nf3 Bg4 4. Bc4 exf4 5. d4 Nd7 6. Bxf4 h6 7. O-O Qe7 8. Nc3
O-O-O 9. Qd3 Bxf3 10. Qxf3 Ngf6 11. a4 g5 12. Bg3 Bg7 13. a5 a6 14. Rae1 Rhf8
15. Qd3 Nb8 16. b4 Qd7 17. b5 axb5 18. Nxb5 Na6 19. Rb1 Rde8 20. Na7+ Kb8 21.
Bxa6 1-0